Nomi dei calciatori - Quiz n°26 - Statistics

Statistiche generali
  • Questo quiz è stato fatto 77 volte
  • Il punteggio medio è 8 su 10
Statistiche sulle risposte
Hint Risposta % Corretto
Milik Arkadiusz
95%
Giroud Olivier
95%
Müller Thomas
95%
Pulisic Christian
89%
Théréau Cyril
79%
Henderson Jordan
79%
Carrasco Yannick
73%
Thauvin Florian
70%
Satriano Martin
64%
Kehrer Thilo
61%
Nessun quiz corrispondente trovato
Distribuzione punteggi
Percentuale di utenti per punteggio
Percentile per numero di risposta
I tuoi punteggi nel tempo
Non hai fatto questo quiz